Summer light on Nantucket : (Record no. 406727)
[ view plain ]
| 000 -LEADER | |
|---|---|
| fixed length control field | 02438pam a2200457 i 4500 |
| 001 - CONTROL NUMBER | |
| control field | 2025004327 |
| 003 - CONTROL NUMBER IDENTIFIER | |
| control field | DLC |
| 005 - DATE AND TIME OF LATEST TRANSACTION | |
| control field | 20250625153134.0 |
| 008 - FIXED-LENGTH DATA ELEMENTS--GENERAL INFORMATION | |
| fixed length control field | 250207s2025 nyu 000 1 eng |
| 010 ## - LIBRARY OF CONGRESS CONTROL NUMBER | |
| LC control number | 2025004327 |
| 020 ## - INTERNATIONAL STANDARD BOOK NUMBER | |
| International Standard Book Number | 9780593724040 |
| Qualifying information | (hardcover ; |
| -- | acid-free paper) |
| 020 ## - INTERNATIONAL STANDARD BOOK NUMBER | |
| Cancelled/invalid ISBN | 9780593724071 |
| Qualifying information | (ebook) |
| 035 ## - SYSTEM CONTROL NUMBER | |
| System control number | (OCoLC)1450555458 |
| 040 ## - CATALOGING SOURCE | |
| Original cataloging agency | DLC |
| Language of cataloging | eng |
| Description conventions | rda |
| Transcribing agency | DLC |
| Modifying agency | TnLvILS |
| 042 ## - AUTHENTICATION CODE | |
| Authentication code | pcc |
| 043 ## - GEOGRAPHIC AREA CODE | |
| Geographic area code | n-us-ma |
| 050 00 - LIBRARY OF CONGRESS CALL NUMBER | |
| Classification number | PS3570.H3475 |
| Item number | S865 2025 |
| 082 00 - DEWEY DECIMAL CLASSIFICATION NUMBER | |
| Classification number | 813/.54 |
| Edition number | 23/eng/20250207 |
| 092 ## - LOCALLY ASSIGNED DEWEY CALL NUMBER (OCLC) | |
| Classification number | fiction |
| Item number | Thayer, Nancy |
| 100 1# - MAIN ENTRY--PERSONAL NAME | |
| Personal name | Thayer, Nancy, |
| Dates associated with a name | 1943- |
| Relator term | author. |
| 9 (RLIN) | 9487 |
| 245 10 - TITLE STATEMENT | |
| Title | Summer light on Nantucket : |
| Remainder of title | a novel / |
| Statement of responsibility, etc | Nancy Thayer. |
| 250 ## - EDITION STATEMENT | |
| Edition statement | First edition. |
| 264 #1 - Production, Publication, Distribution, Manufacture, and Copyright Notice. | |
| Place of production, publication, distribution, manufacture | New York : |
| Name of producer, publisher, distributor, manufacturer | Ballantine Books, |
| Date of production, publication, distribution, manufacture, or copyr | [2025] |
| 300 ## - PHYSICAL DESCRIPTION | |
| Extent | 288 pages ; |
| Dimensions | 24 cm |
| 336 ## - Content Type | |
| Content type term | text |
| 337 ## - Media type | |
| Media type term | unmediated |
| 338 ## - Carrier type | |
| Carrier type term | volume |
| 520 ## - SUMMARY, ETC. | |
| Summary, etc | "Blythe Benedict is content. Her life didn't end when her marriage did. In fact, she's more than happy living in her comfortable house in Boston, working as a middle school teacher, and raising four wonderful children. With three of her kids in the throes of teenagerhood and one not too far behind them, Blythe has plenty of drama to keep her busy every single day. But no amount of that drama could change the family's beloved annual summer trip to Nantucket. Blythe has always treasured the months spent at her island home-away-from-home, ... but this summer's getaway proves to be much more than she bargained for. ... [She] must contend with teenage angst, her ex-mother-in-law's declining health, and a troubling secret involving her ex-husband. Meanwhile, Blythe reconnects with her first love, her former high school sweetheart Aaden"-- |
| 650 #0 - SUBJECT ADDED ENTRY--TOPICAL TERM | |
| Topical term or geographic name as entry element | Divorced women |
| Form subdivision | Fiction. |
| 9 (RLIN) | 5674579 |
| 650 #0 - SUBJECT ADDED ENTRY--TOPICAL TERM | |
| Topical term or geographic name as entry element | Divorced mothers |
| Form subdivision | Fiction. |
| 9 (RLIN) | 5697559 |
| 650 #0 - SUBJECT ADDED ENTRY--TOPICAL TERM | |
| Topical term or geographic name as entry element | Families |
| Form subdivision | Fiction. |
| 9 (RLIN) | 5674501 |
| 650 #0 - SUBJECT ADDED ENTRY--TOPICAL TERM | |
| Topical term or geographic name as entry element | Vacations |
| Form subdivision | Fiction. |
| 9 (RLIN) | 5673783 |
| 650 #0 - SUBJECT ADDED ENTRY--TOPICAL TERM | |
| Topical term or geographic name as entry element | Man-woman relationships |
| Form subdivision | Fiction. |
| 9 (RLIN) | 5674079 |
| 651 #0 - SUBJECT ADDED ENTRY--GEOGRAPHIC NAME | |
| Geographic name | Nantucket Island (Mass.) |
| Form subdivision | Fiction. |
| 9 (RLIN) | 5674366 |
| 651 #0 - SUBJECT ADDED ENTRY--GEOGRAPHIC NAME | |
| Geographic name | Massachusetts |
| Form subdivision | Fiction. |
| 9 (RLIN) | 5673779 |
| 655 #7 - INDEX TERM--GENRE/FORM | |
| Genre/form data or focus term | Domestic fiction. |
| Source of term | lcgft |
| 655 #7 - INDEX TERM--GENRE/FORM | |
| Genre/form data or focus term | Romance fiction. |
| Source of term | lcgft |
| 655 #7 - INDEX TERM--GENRE/FORM | |
| Genre/form data or focus term | Novels. |
| Source of term | lcgft |
| 776 08 - ADDITIONAL PHYSICAL FORM ENTRY | |
| Display text | Online version: |
| Main entry heading | Thayer, Nancy, 1943- |
| Title | Summer light on Nantucket. |
| Edition | First edition |
| Place, publisher, and date of publication | New York : Ballantine Books, 2025 |
| International Standard Book Number | 9780593724071 |
| Record control number | (DLC) 2025004328 |
| 942 ## - ADDED ENTRY ELEMENTS (KOHA) | |
| Source of classification or shelving scheme | Dewey Decimal Classification |
| Koha item type | BOOK |
| Withdrawn status | Lost status | Source of classification or shelving scheme | Damaged status | Not for loan | Collection code | Home library | Current library | Shelving location | Date acquired | Source of acquisition | Total Checkouts | Total Renewals | Full call number | Barcode | Date last seen | Date checked out | Cost, replacement price | Price effective from | Koha item type |
|---|---|---|---|---|---|---|---|---|---|---|---|---|---|---|---|---|---|---|---|
| Dewey Decimal Classification | Fiction | Wasatch County Library | Wasatch County Library | First Floor | 06/25/2025 | Ingram | 5 | 3 | F Thayer | 34301002116376 | 10/14/2025 | 08/25/2025 | 30.00 | 06/25/2025 | BOOK |
